000 00517nam a22002057a 4500
003 Ost
005 20260311085057.0
008 260311b |||||||| |||| 00| 0 eng d
020 _a9788177583533
040 _cBT-PhCST
050 _a25706-25710
082 _222
_a621.38319
_bLIA
100 _aLiao, Samuel Y.
245 _aMicrowave devices and circuits /
250 _a3rd ed.
260 _aIndia :
_bPearson,
_cc2020
300 _a561 p. :
_bill. ;
_c23 cm.
500 _aIncludes index.
942 _2ddc
_cECE
999 _c10179
_d10179